00924nam a2200205 i 4500001000700000003000900007005001700016007000300033008004100036100004400077245009100121260005400212300002000266505018100286650003700467700003900504852003300543999001900576952012300595131414ES-MaACL20230906193957.0t|070214m19661975sp r ||||1| spa d1 aRodríguez de Abajo, F. Javier.99843510aGeometría descriptiva / cF. Javier Rodríguez de Abajo, Antonino García Cordera. aSan Sebastián : bEd. Donostiarra, c1966-1975. a5 v. ; c24 cm.8 aContiene: Tomo I. Sistema diédrico. Tomo II. Sistema de planos acotados. Tomo III. Sistema axonométrico. Tomo IV. Sistema de perspectiva caballera. Tomo V. Sistema cónico 4aGeometría descriptiva.91361821 aGarcía Cordera, Antonino.954382 aES-MaACLjL-2200-4 bR.91401 c131414d131414 00104070aATENEOMbATENEOMcDEPO2d2008-01-17eSCl0oL-2200-4p1136811r2023-02-23 00:00:00w2023-02-23yMONOGRAFIA